[Event "FIDE World Rapid Team"]
[Site "Almaty KAZ"]
[Date "2024.08.04"]
[Round "9.43"]
[White "Tologon tegin, Semetei"]
[Black "Kazakov, Konstantin"]
[Result "0-1"]
[WhiteTitle "IM"]
[BlackTitle "IM"]
[WhiteElo "2337"]
[BlackElo "2333"]
[WhiteTeam "Kyrgyz Chess Academy"]
[BlackTeam "Storm of Dragons"]
[WhiteFideId "13800574"]
[BlackFideId "13700898"]
[EventDate "2024.08.02"]

1. d4 Nf6 2. c4 b6 3. Nf3 Bb7 4. g3 e6 5. Bg2 Be7 6. O-O O-O 7. Re1 Qc8 8. Nc3
Ne4 9. Bd2 d6 10. Rc1 Nd7 11. Nxe4 Bxe4 12. Ng5 Bxg2 13. Kxg2 c5 14. d5 exd5 15.
cxd5 Re8 16. h4 h6 17. Nf3 Bf6 18. b3 Qc7 19. Bf4 Re7 20. e4 Rae8 21. Nd2 b5 22.
f3 a6 23. Qc2 Qb6 24. Nf1 Bd4 25. g4 Nf6 26. Bd2 h5 27. g5 Nd7 28. Ng3 g6 29.
Bf4 Ne5 30. Qd2 Nd7 31. Qc2 Be5 32. Be3 Bxg3 33. Kxg3 b4 34. a3 Ne5 35. Ra1 bxa3
36. Rxa3 Qb5 37. Rea1 Qd7 38. Qd1 c4 39. bxc4 Nxc4 40. Rc3 Qb5 41. Rb1 Nxe3 42.
Rxe3 Qc5 43. Qc1 Qa7 44. Rc3 a5 45. Ra1 Rb8 46. Rca3 Rb5 47. Qc8+ Kh7 48. Qd8
Rb2 49. Rf1 Rc7 50. Qxd6 Rcc2 51. Rd3 0-1

[Event "FIDE World Rapid Team"]
[Site "Almaty KAZ"]
[Date "2024.08.04"]
[Round "9.44"]
[White "Isaev, Anton"]
[Black "Markov, Mikhail KGZ"]
[Result "0-1"]
[BlackTitle "IM"]
[WhiteElo "2156"]
[BlackElo "2255"]
[WhiteTeam "Storm of Dragons"]
[BlackTeam "Kyrgyz Chess Academy"]
[WhiteFideId "24185132"]
[BlackFideId "13800698"]
[EventDate "2024.08.02"]

1. e4 c5 2. Nf3 d6 3. d4 cxd4 4. Nxd4 Nf6 5. Nc3 a6 6. Nb3 e6 7. g4 b5 8. a3 Bb7
9. Bg2 h6 10. h4 Be7 11. g5 hxg5 12. hxg5 Rxh1+ 13. Bxh1 Nfd7 14. g6 fxg6 15.
Qg4 Nf8 16. Bf4 Nbd7 17. O-O-O Qc7 18. Qg3 e5 19. Bg5 Bxg5+ 20. Qxg5 Nf6 21. Nd5
Bxd5 22. exd5 a5 23. Qe3 Kf7 24. f4 a4 25. Nd2 Rc8 26. c3 exf4 27. Qxf4 Kg8 28.
Bg2 Qc5 29. Ne4 Nxe4 30. Bxe4 Qc7 31. Bc2 Qe7 32. Rg1 Rc4 33. Qg3 Rc5 34. Qf3
Qf6 35. Qd3 Qe5 36. Rd1 Rc4 37. Kb1 g5 38. Qf1 g4 39. Re1 Rf4 40. Qh1 Qf6 41.
Ka2 Rf2 42. Qe4 g3 43. Rg1 Qf3 44. Qxf3 Rxf3 45. c4 bxc4 46. Bxa4 Ng6 47. Bd1
Re3 48. a4 Nf4 49. a5 Nxd5 50. Bg4 Nb4+ 51. Kb1 d5 52. Bc8 g2 53. a6 Rf3 54.
Be6+ Kf8 55. b3 c3 56. Bh3 Rf2 57. a7 Rb2+ 58. Kc1 Nd3+ 59. Kd1 Rd2# 0-1

[Event "FIDE World Rapid Team"]
[Site "Almaty KAZ"]
[Date "2024.08.04"]
[Round "9.45"]
[White "Zheenbekov, Nurgazy"]
[Black "Dosmukhambetov, Arystan"]
[Result "1-0"]
[WhiteElo "2124"]
[BlackElo "1976"]
[WhiteTeam "Kyrgyz Chess Academy"]
[BlackTeam "Storm of Dragons"]
[WhiteFideId "13800485"]
[BlackFideId "13742418"]
[EventDate "2024.08.02"]

1. e4 c5 2. Nf3 e6 3. g3 Nc6 4. Bg2 Nf6 5. Qe2 d6 6. O-O Be7 7. c3 O-O 8. d4 d5
9. e5 Ne4 10. dxc5 Bxc5 11. Be3 Bxe3 12. Qxe3 Qc7 13. Re1 f6 14. exf6 Rxf6 15.
Nbd2 Nd6 16. Ne5 Nxe5 17. Qxe5 Qb6 18. Re2 Bd7 19. Nb3 Raf8 20. Qd4 Qa6 21. Rae1
b6 22. f4 Qxa2 23. Qb4 Bb5 24. Ra1 a5 25. Qxd6 Qxb3 26. Qxb6 a4 27. Rd2 Kh8 28.
Ra3 Qc4 29. Qe3 e5 30. Qxe5 Re8 31. Rd4 Qc8 32. Qxd5 Re1+ 33. Kf2 Re2+ 34. Kg1
Re1+ 35. Kf2 Re2+ 36. Kg1 Bc6 37. Qd8+ Rf8 38. Qxf8+ Qxf8 39. Bxc6 Qe7 40. Ra1
h6 41. Kh1 Qf6 42. Bf3 Rf2 43. Be4 a3 44. Rxa3 g5 45. Ra8+ Kg7 46. Rd7+ 1-0

[Event "FIDE World Rapid Team"]
[Site "Almaty KAZ"]
[Date "2024.08.04"]
[Round "9.46"]
[White "Akhmet, Suleyman"]
[Black "Zlotnik, Andrey"]
[Result "1-0"]
[WhiteElo "1730"]
[BlackElo "2096"]
[WhiteTeam "Storm of Dragons"]
[BlackTeam "Kyrgyz Chess Academy"]
[WhiteFideId "13752111"]
[BlackFideId "54107385"]
[EventDate "2024.08.02"]

1. d4 d5 2. c4 c6 3. cxd5 cxd5 4. Nc3 Nf6 5. Bf4 Qb6 6. Rc1 Nc6 7. e3 Qxb2 8.
Be2 e6 9. Nb5 Qb4+ 10. Kf1 Kd8 11. a3 Qe7 12. Nc7 Rb8 13. Bb5 Bd7 14. Bxc6 Bxc6
15. Nxd5 Nxd5 16. Bxb8 Qxa3 17. Ne2 a5 18. e4 Nf6 19. Rc3 Qa2 20. f3 Bb4 21. Rc2
Qb3 22. Qc1 Ke7 23. Be5 Rd8 24. Kf2 h6 25. Rd1 g5 26. h4 Nh7 27. hxg5 Nxg5 28.
Nf4 f6 29. Bc7 Rd7 30. Bb6 Ba4 31. Rcd2 Bxd2 32. Qc5+ Kf7 33. Rxd2 e5 34. Nd5
Ne6 35. Qxa5 exd4 36. Bxd4 Nxd4 37. Rxd4 Bc6 38. Qd2 h5 39. Nxf6 Re7 40. Nxh5
Re6 41. Qf4+ Kg6 42. Qf5+ Kh6 43. Nf4 Qb2+ 44. Kg3 Qxd4 45. Qh5+ Kg7 46. Nxe6+
Kf6 47. Nxd4 1-0

[Event "FIDE World Rapid Team"]
[Site "Almaty KAZ"]
[Date "2024.08.04"]
[Round "9.47"]
[White "Samaganova, Aleksandra"]
[Black "Kim, Kristina"]
[Result "1-0"]
[WhiteTitle "WFM"]
[BlackTitle "WCM"]
[WhiteElo "1948"]
[BlackElo "1943"]
[WhiteTeam "Kyrgyz Chess Academy"]
[BlackTeam "Storm of Dragons"]
[WhiteFideId "13800221"]
[BlackFideId "13712438"]
[EventDate "2024.08.02"]

1. c4 Nf6 2. Nc3 g6 3. g3 Bg7 4. Bg2 O-O 5. Nf3 Nc6 6. O-O d6 7. d3 e5 8. a3 a5
9. h3 Nh5 10. Nd5 h6 11. Rb1 f5 12. e3 Be6 13. Ne1 Qd7 14. Kh2 Rae8 15. f4 exf4
16. gxf4 Bf7 17. b4 axb4 18. axb4 Nd8 19. b5 c6 20. bxc6 bxc6 21. Nb4 d5 22.
cxd5 cxd5 23. Nec2 g5 24. Bf3 Nf6 25. Bb2 Nc6 26. Nxc6 Qxc6 27. Ba3 g4 28. Bxf8
Kxf8 29. Bg2 gxh3 30. Bxh3 Bh5 31. Qd2 Ng4+ 32. Bxg4 Bxg4 33. Kg1 Qg6 34. Qg2
Qd6 35. Rf2 h5 36. Rb5 Rd8 37. d4 Qc6 38. Rc5 Qb7 39. Na3 Bf6 40. Nb5 Be7 41.
Rfc2 Bxc5 42. Rxc5 Qe7 43. Qf2 h4 44. Nc7 h3 45. Nxd5 Qe4 46. Nf6 Qb1+ 47. Kh2
Rb8 48. Nd7+ Kf7 49. Nxb8 Qxb8 50. Qa2+ Kg7 51. Qc2 Kg6 52. Rc7 Kh5 53. Rg7 Qa8
54. Rg5+ Kh6 55. Qf2 Bh5 56. Rg1 Bg4 57. Rb1 Kh5 58. Rc1 Qb7 59. Rc5 Qa8 60. Rc7
Qg8 61. Ra7 Qd5 62. Rg7 Kh6 63. Rg5 Bh5 64. Rg1 Bg4 65. Rc1 Kh5 66. Rc5 Qb7 67.
Ra5 Qc6 68. Qa2 Kh4 69. Ra6 Qf3 70. Rh6+ Bh5 71. Qd2 Qg3+ 72. Kh1 Qf3+ 73. Kg1
Qg3+ 74. Kh1 Qf3+ 75. Kh2 Qg3+ 76. Kh1 Qf3+ 77. Kg1 Qg3+ 78. Kh1 Qf3+ 79. Kg1
Qg3+ 80. Kf1 1-0

[Event "FIDE World Rapid Team"]
[Site "Almaty KAZ"]
[Date "2024.08.04"]
[Round "9.48"]
[White "Kertaev, Natan"]
[Black "Tynybekov, Bakyt"]
[Result "1-0"]
[WhiteElo "1828"]
[BlackElo "1795"]
[WhiteTeam "Storm of Dragons"]
[BlackTeam "Kyrgyz Chess Academy"]
[WhiteFideId "13711555"]
[BlackFideId "13803360"]
[EventDate "2024.08.02"]

1. d4 f5 2. g3 Nf6 3. Bg2 e6 4. Nd2 d5 5. Nh3 Bd6 6. Nf3 c6 7. Nf4 Qe7 8. Nd3
O-O 9. Bf4 a5 10. Bxd6 Qxd6 11. O-O b6 12. Nfe5 Ba6 13. Rc1 Nbd7 14. c4 dxc4 15.
Nxc4 Qxd4 16. Nf4 Qxd1 17. Rfxd1 Bxc4 18. Rxc4 Ne5 19. Rcc1 Kf7 20. Bxc6 Rad8
21. h4 Nxc6 22. Nd3 Nd4 23. Kf1 Ne4 24. e3 Nb5 25. Ne5+ Kf6 26. Nd7+ Ke7 27.
Nxf8 Rxd1+ 28. Rxd1 Kxf8 29. Rd8+ Ke7 30. Rb8 Nd2+ 31. Ke1 Nc4 32. Rb7+ Kd6 33.
b3 Ne5 34. Rxg7 Nd3+ 35. Kf1 h5 36. Rg5 Nc3 37. Rxh5 Nxa2 38. Rg5 Ne5 39. Rg7
Ng4 40. h5 Ke5 41. f3 Nxe3+ 42. Kf2 Nd5 43. h6 Nf6 44. Rf7 f4 45. gxf4+ Kf5 46.
h7 Kg6 47. h8=Q Kxf7 48. Qd8 Nd5 49. f5 Nab4 50. Qd7+ Kf6 51. Qxe6+ Kg7 52. Qg6+
Kf8 53. f6 Nd3+ 54. Kg1 Ne5 55. Qg7+ Ke8 56. Qg8+ Kd7 57. Qxd5+ Kc7 58. Qxe5+
Kc6 59. f7 1-0

[Event "FIDE World Rapid Team"]
[Site "Almaty KAZ"]
[Date "2024.08.04"]
[Round "9.1"]
[White "Orozbaev, Eldiyar"]
[Black "Aitbayev, Aslan"]
[Result "1/2-1/2"]
[WhiteTitle "FM"]
[BlackTitle "IM"]
[WhiteElo "2376"]
[BlackElo "2380"]
[WhiteTeam "Noval Group Kyrgystan"]
[BlackTeam "Astana-2"]
[WhiteFideId "13802240"]
[BlackFideId "13704613"]
[EventDate "2024.08.02"]

1. e4 e6 2. d4 d5 3. Nc3 Bb4 4. e5 c5 5. Bd2 Ne7 6. Nb5 Bxd2+ 7. Qxd2 O-O 8. f4
Bd7 9. Nd6 cxd4 10. Nf3 Nbc6 11. Bd3 Nc8 12. Nb5 Qa5 13. Nbxd4 Qxd2+ 14. Kxd2
Nxd4 15. Nxd4 Ne7 16. h4 f6 17. exf6 Rxf6 18. g3 Nc6 19. Nf3 h6 20. Rhe1 Be8 21.
Ne5 Nxe5 22. Rxe5 Bg6 23. Bf1 Bf5 24. Rae1 Rc8 25. c3 Rff8 26. Be2 Rc6 27. g4
Be4 28. Ke3 Rb6 29. b3 Rc8 30. c4 a5 31. Kd4 Bg6 32. f5 exf5 33. Rxd5 fxg4 34.
Bxg4 Rf8 35. Kc3 Rf4 36. Be6+ Kh7 37. h5 Rxe6 38. Rxe6 Bf7 39. Ree5 Bxd5 40.
Rxd5 g5 41. hxg6+ Kxg6 42. Rxa5 h5 43. Ra8 h4 44. Rh8 Kg7 45. Rd8 h3 46. Rd1 h2
47. a4 Rh4 48. Rh1 Kf6 49. Kb4 Rh3 50. Kc5 Ke6 51. b4 Kd7 52. a5 Kc7 53. b5 Rh5+
54. Kb4 Rh4 55. Kc3 Kd6 56. Kb4 Kc7 57. Kc5 Rh5+ 58. Kd4 Rh4+ 59. Kd5 Rh5+ 60.
Kd4 Rh4+ 61. Kd5 Rh5+ 62. Ke4 Kd6 63. Kf3 Kc5 64. a6 bxa6 65. bxa6 Kxc4 1/2-1/2

[Event "FIDE World Rapid Team"]
[Site "Almaty KAZ"]
[Date "2024.08.04"]
[Round "9.2"]
[White "Akhmetov, Ayan"]
[Black "Zhakshylykov, Erzhan"]
[Result "1/2-1/2"]
[WhiteTitle "IM"]
[BlackTitle "FM"]
[WhiteElo "2380"]
[BlackElo "2327"]
[WhiteTeam "Astana-2"]
[BlackTeam "Noval Group Kyrgystan"]
[WhiteFideId "13703706"]
[BlackFideId "13804111"]
[EventDate "2024.08.02"]

1. d4 Nf6 2. Bf4 e6 3. Nf3 c5 4. e3 cxd4 5. exd4 Be7 6. Nbd2 b6 7. c3 Ba6 8.
Bxa6 Nxa6 9. a4 O-O 10. Qe2 Nc7 11. h3 d6 12. O-O Ncd5 13. Bh2 a6 14. Rfe1 Qd7
15. c4 Nb4 16. Nf1 d5 17. Ne3 dxc4 18. Nxc4 Nbd5 19. a5 b5 20. Nce5 Qb7 21. Nd3
Nd7 22. Nfe5 Rac8 23. Bg3 Nb4 24. Rac1 Nxd3 25. Qxd3 Bb4 26. Red1 Nxe5 27. Bxe5
Rxc1 28. Rxc1 Bxa5 29. h4 f6 30. Bf4 Rc8 31. Ra1 Bc7 32. Be3 Bd6 33. Qb3 Rc4 34.
h5 Qd5 35. Qd1 Rc6 36. Qg4 Kf7 37. Qd1 f5 38. g3 Qe4 39. h6 g6 40. Qd2 Rc2 41.
Qe1 Bxg3 42. Rxa6 Bc7 43. Qd1 Rxb2 44. Ra7 Rc2 45. Bf4 Rxf2 46. Rxc7+ Ke8 47.
Rc8+ Kd7 48. Rc7+ Ke8 49. Rc8+ Kd7 50. Rc7+ Ke8 51. Rc8+ Kd7 52. Rd8+ Kxd8 53.
Bg5+ Kd7 54. Kxf2 Qd5 55. Qd2 Qc4 56. Qe3 b4 57. d5 Qc2+ 58. Kg3 Qc3 59. dxe6+
Kd6 60. Bf4+ Ke7 61. Bg5+ Kd6 62. Bf4+ Ke7 63. Bg5+ Kd6 1/2-1/2

[Event "FIDE World Rapid Team"]
[Site "Almaty KAZ"]
[Date "2024.08.04"]
[Round "9.3"]
[White "Sharshenbekov, Emir"]
[Black "Akhmedinov, Satbek"]
[Result "0-1"]
[WhiteTitle "CM"]
[BlackTitle "FM"]
[WhiteElo "2078"]
[BlackElo "2379"]
[WhiteTeam "Noval Group Kyrgystan"]
[BlackTeam "Astana-2"]
[WhiteFideId "13810634"]
[BlackFideId "13714287"]
[EventDate "2024.08.02"]

1. e4 e6 2. d3 d5 3. Nd2 Nf6 4. Ngf3 c5 5. g3 Nc6 6. Bg2 Be7 7. O-O O-O 8. Re1
Qc7 9. Qe2 dxe4 10. dxe4 e5 11. c3 Rd8 12. Nf1 h6 13. h3 b6 14. b3 a5 15. Qb2 a4
16. N3d2 Ba6 17. Ne3 Bd3 18. Rb1 Bxb1 19. Qxb1 axb3 20. axb3 Rd7 21. Nd5 Qd8 22.
Qd3 Bf8 23. Qb5 Ne7 24. Nc4 Nexd5 25. exd5 e4 26. Kh2 Rxd5 27. Re2 Ra1 28. Bb2
Rb1 29. Na3 Rbd1 30. Nc4 Rh5 31. Ne3 Rb1 32. h4 Bd6 33. Bh3 Rxh4 34. Kg2 Rh5 35.
Rd2 Qe7 36. Qc6 Bc7 37. c4 Be5 38. Nf5 Rxf5 39. Bxf5 g6 40. Bxe5 Qxe5 41. Bxg6
Kg7 42. Bxf7 Qf5 43. Bh5 Qxh5 44. Rd7+ Nxd7 45. Qxd7+ Qf7 46. Qg4+ Kh8 47. Qxe4
Rxb3 48. Qe5+ Kg8 49. Qe4 Rb4 50. Qg4+ Kh8 51. Qh4 Qe6 52. Qd8+ Kg7 53. f3 Qe2+
54. Kh3 Qf1+ 55. Kg4 Rxc4+ 56. f4 Qe2+ 57. Kh4 Qh2+ 58. Kg4 h5+ 59. Kf5 Qc2+ 0-1

[Event "FIDE World Rapid Team"]
[Site "Almaty KAZ"]
[Date "2024.08.04"]
[Round "9.4"]
[White "Mazhkenov, Alisher"]
[Black "Iunusov, Nuriddin"]
[Result "0-1"]
[BlackTitle "CM"]
[WhiteElo "2118"]
[BlackElo "1925"]
[WhiteTeam "Astana-2"]
[BlackTeam "Noval Group Kyrgystan"]
[WhiteFideId "13718983"]
[BlackFideId "13803026"]
[EventDate "2024.08.02"]

1. e4 e5 2. Nf3 Nc6 3. g3 Nge7 4. Bg2 g6 5. d4 exd4 6. Nxd4 Bg7 7. Nxc6 bxc6 8.
O-O O-O 9. Nc3 Rb8 10. Qd2 d6 11. b3 c5 12. Bb2 Re8 13. Na4 Nc6 14. Bxg7 Kxg7
15. f4 Bb7 16. Rad1 Qf6 17. e5 dxe5 18. Nxc5 Rbd8 19. Qf2 Ba8 20. Nd7 Qe6 21.
Nc5 Qf6 22. Ne4 Qe7 23. f5 gxf5 24. Qxf5 Rxd1 25. Qg4+ Kh8 26. Qxd1 f5 27. Rxf5
Nd4 28. Rf2 Bxe4 29. Bxe4 Qg5 30. c3 Ne6 31. Qd7 Re7 32. Qc8+ Kg7 33. Bd5 Qh6
34. Bxe6 Qxe6 35. Qxe6 Rxe6 36. Rf5 Kg6 37. g4 Rd6 38. Rxe5 Rd1+ 39. Kf2 Rd2+
40. Re2 Rd3 41. Re3 Rd2+ 42. Re2 Rd3 43. c4 Kg5 44. Re7 Kf4 45. Rf7+ Ke5 0-1

[Event "FIDE World Rapid Team"]
[Site "Almaty KAZ"]
[Date "2024.08.04"]
[Round "9.5"]
[White "Lesbekova, Assel"]
[Black "Tokbayev, Anuar"]
[Result "1-0"]
[WhiteTitle "WCM"]
[WhiteElo "1903"]
[BlackElo "1880"]
[WhiteTeam "Noval Group Kyrgystan"]
[BlackTeam "Astana-2"]
[WhiteFideId "13713248"]
[BlackFideId "13724703"]
[EventDate "2024.08.02"]

1. e4 e6 2. g3 c5 3. Bg2 Nc6 4. Ne2 g6 5. d4 cxd4 6. Nxd4 Qb6 7. Nb3 Bg7 8. Nc3
Nge7 9. Be3 Qd8 10. Bc5 O-O 11. Bd6 b6 12. Nb5 Bb7 13. c3 a6 14. Na3 Re8 15. O-O
Nc8 16. Nc4 b5 17. Ne3 Nxd6 18. Qxd6 Bf8 19. Qd2 Qb6 20. f4 d5 21. exd5 exd5 22.
Rae1 Rad8 23. Kh1 Ne7 24. f5 Bh6 25. fxg6 Nxg6 26. Nd4 b4 27. Qf2 Qc7 28. cxb4
Bf8 29. a3 Ne5 30. Qf6 Bg7 31. Qg5 Ng6 32. Nef5 Rxe1 33. Rxe1 Bf8 34. h4 h6 35.
Qg4 Kh7 36. h5 Ne5 37. Qf4 Re8 38. Nh4 Bc8 39. Bxd5 Qd6 40. Be4+ Kh8 41. Ndf5
Qf6 42. Rc1 Qg5 43. Qxg5 hxg5 44. Ng2 Ng4 45. Bb1 Bb7 46. Kg1 Re2 47. Rc2 Re5
48. Rd2 Bxg2 49. Kxg2 Rxf5 50. Bxf5 Ne3+ 51. Kf3 Nxf5 52. Rd8 Kg7 53. Ra8 Nd4+
54. Ke4 Ne2 55. g4 Ng3+ 56. Kf3 Bd6 57. Rxa6 Bf4 58. b5 f5 59. h6+ Kh7 60. b6
fxg4+ 61. Kxg4 Ne4 62. b7 Nc5 63. Ra8 Nd7 64. a4 Kxh6 65. a5 Kg6 66. a6 Ne5+ 67.
Kh3 Nc6 68. a7 Kf5 69. Rf8+ Ke5 1-0

[Event "FIDE World Rapid Team"]
[Site "Almaty KAZ"]
[Date "2024.08.04"]
[Round "9.6"]
[White "Altynbek, Aiaru"]
[Black "Nurdin Uulu, Sardarbek"]
[Result "1-0"]
[WhiteTitle "WFM"]
[WhiteElo "1990"]
[BlackElo "1908"]
[WhiteTeam "Astana-2"]
[BlackTeam "Noval Group Kyrgystan"]
[WhiteFideId "13752472"]
[BlackFideId "13800183"]
[EventDate "2024.08.02"]

1. d4 d5 2. c4 e6 3. Nf3 Nf6 4. Nc3 Be7 5. Bf4 O-O 6. e3 b6 7. cxd5 exd5 8. Bd3
h6 9. Rc1 c6 10. O-O Bg4 11. h3 Be6 12. Ne5 c5 13. Qf3 a6 14. g4 g5 15. Bg3 Ra7
16. Qe2 c4 17. Bb1 Kg7 18. f4 Rh8 19. Kg2 b5 20. h4 b4 21. Nd1 Qc8 22. Nf2 Nc6
23. hxg5 hxg5 24. fxg5 Nd7 25. Nxc6 Qxc6 26. Nh3 Bd6 27. Nf4 Nf8 28. Rh1 Rxh1
29. Rxh1 Ng6 30. Nxe6+ fxe6 31. Bxg6 b3 32. Rh7+ Kxg6 33. Rxa7 Bxg3 34. Qf3 1-0

[Event "FIDE World Rapid Team"]
[Site "Almaty KAZ"]
[Date "2024.08.04"]
[Round "9.7"]
[White "Khusnutdinov, Rustam"]
[Black "Wageih, Kareim"]
[Result "1-0"]
[WhiteTitle "GM"]
[BlackTitle "IM"]
[WhiteElo "2429"]
[BlackElo "2402"]
[WhiteTeam "Helicopter"]
[BlackTeam "Egypt"]
[WhiteFideId "13701703"]
[BlackFideId "10604561"]
[EventDate "2024.08.02"]

1. e4 c5 2. Nf3 e6 3. d4 cxd4 4. Nxd4 Nc6 5. Bf4 d6 6. Nxc6 bxc6 7. c4 e5 8. Be3
Nf6 9. Nc3 Qa5 10. Qd2 Be7 11. Be2 O-O 12. O-O Qc7 13. h3 Be6 14. Rac1 a5 15.
Rfd1 Nd7 16. b3 Nc5 17. Bg4 Rfd8 18. Qe2 Bxg4 19. hxg4 Qb7 20. g5 a4 21. Bxc5
dxc5 22. Nxa4 Bxg5 23. Rxd8+ Rxd8 24. Rd1 Qb4 25. Rxd8+ Bxd8 26. Kf1 h6 27. g3
Bg5 28. Nb2 Qc3 29. Nd3 Qd4 30. Ne1 Bd2 31. Kg2 Bc3 32. Nd3 Qd6 33. a4 Bd4 34.
a5 Qb8 35. Qa2 Qa7 36. a6 Kf8 37. Qa5 Ke7 38. b4 cxb4 39. Qxb4+ Kd7 40. Qa5 Qb6
41. Nxe5+ Kc7 42. Qxb6+ Kxb6 43. a7 Kb7 44. Nxc6 Bc5 45. e5 Ka8 46. f4 g5 47. f5
h5 48. e6 fxe6 49. fxe6 h4 50. g4 1-0

[Event "FIDE World Rapid Team"]
[Site "Almaty KAZ"]
[Date "2024.08.04"]
[Round "9.8"]
[White "Wafa, Hamed"]
[Black "Gubaydulin, Talgat"]
[Result "0-1"]
[WhiteTitle "IM"]
[BlackTitle "IM"]
[WhiteElo "2345"]
[BlackElo "2385"]
[WhiteTeam "Egypt"]
[BlackTeam "Helicopter"]
[WhiteFideId "10628452"]
[BlackFideId "14202174"]
[EventDate "2024.08.02"]

1. e4 c5 2. Nc3 Nc6 3. Nf3 e6 4. d4 cxd4 5. Nxd4 Nf6 6. Ndb5 d6 7. Bf4 e5 8. Bg5
a6 9. Na3 b5 10. Nab1 Ne7 11. Bxf6 gxf6 12. a4 b4 13. Nd5 Nxd5 14. exd5 f5 15.
Nd2 Bg7 16. a5 O-O 17. Be2 e4 18. Nc4 f4 19. Qd2 f3 20. Bf1 Rb8 21. gxf3 exf3
22. O-O-O Qf6 23. Rg1 Kh8 24. Kb1 Bf5 25. Bd3 Bh6 26. Qe1 Rfe8 27. Qf1 Bg6 28.
Bxg6 fxg6 29. Qd3 Bg7 30. Rg3 Rf8 31. Qb3 Qf4 32. Rd3 Rbc8 33. Nb6 Rce8 34.
Rgxf3 Qxh2 35. Rxf8+ Rxf8 36. f3 Qg1+ 37. Ka2 Qc5 38. Qa4 Rf4 39. Kb3 h5 40. Qc6
Qxa5 41. Nc4 Qa1 42. Qxd6 Rf6 43. Qxb4 a5 44. Qxa5 Qf1 45. d6 Rxf3 46. Rxf3
Qxf3+ 47. Ka2 Qf7 48. Qc7 Qg8 49. d7 Bf6 50. Qc8 h4 51. Qc6 Bd8 52. b3 Qg7 53.
Qe6 Qf6 54. Qe8+ Kg7 55. Ne5 h3 56. Nf7 h2 57. Nxd8 h1=Q 58. Ne6+ Kh6 59. Nd4
Qxd4 60. Qf8+ Kh5 0-1

[Event "FIDE World Rapid Team"]
[Site "Almaty KAZ"]
[Date "2024.08.04"]
[Round "9.9"]
[White "Rodionov, Adil"]
[Black "Hassan, Sayed Barakat"]
[Result "0-1"]
[BlackTitle "IM"]
[WhiteElo "2353"]
[BlackElo "2279"]
[WhiteTeam "Helicopter"]
[BlackTeam "Egypt"]
[WhiteFideId "13701266"]
[BlackFideId "10600299"]
[EventDate "2024.08.02"]

1. e4 d5 2. exd5 Nf6 3. d4 Bg4 4. f3 Bf5 5. c4 e6 6. Bd3 Bxd3 7. Qxd3 exd5 8. c5
b6 9. Be3 bxc5 10. dxc5 Nc6 11. Ne2 Rb8 12. Nbc3 Rxb2 13. O-O Be7 14. Rab1 Rxb1
15. Rxb1 O-O 16. Rd1 Ne5 17. Qa6 Qa8 18. Bd4 Qc6 19. Qxc6 Nxc6 20. Bxf6 gxf6 21.
Nxd5 Bxc5+ 22. Kf1 Bb6 23. Rc1 Ne5 24. Nxf6+ Kg7 25. Nh5+ Kh6 26. Nf6 Rd8 27. f4
Nd3 28. Rc6 Nb4 29. Rc1 Nxa2 30. Ra1 Nb4 31. g4 Kg6 32. g5 Nc2 33. Rc1 Ne3+ 34.
Ke1 Ba5+ 35. Kf2 Bb6 36. Kf3 Nf5 37. Kg4 Rd3 38. Rc6 Ne3+ 39. Kh4 Kg7 40. Nh5+
Kf8 41. Nf6 Rd2 42. Nc3 Rxh2+ 43. Kg3 Rc2 44. Nxh7+ Kg7 45. Nf6 Nd1 46. Rxb6
axb6 47. Nxd1 b5 48. Ne3 Rc1 49. Kf3 b4 50. Ne4 b3 51. Nd2 b2 52. Ke4 b1=Q+ 53.
Nxb1 Rxb1 54. Nf5+ Kg6 55. Ne7+ Kh5 56. Kf5 c5 57. Kf6 c4 58. Nd5 Rd1 59. Ne3 c3
60. Kxf7 Rd3 61. Nc2 Rf3 62. Kf6 Rxf4+ 63. Ke5 Rf2 64. Ke4 0-1

[Event "FIDE World Rapid Team"]
[Site "Almaty KAZ"]
[Date "2024.08.04"]
[Round "9.10"]
[White "Sadek, Sameh"]
[Black "Primbetov, Kazbek"]
[Result "1-0"]
[WhiteTitle "FM"]
[BlackTitle "FM"]
[WhiteElo "2286"]
[BlackElo "2059"]
[WhiteTeam "Egypt"]
[BlackTeam "Helicopter"]
[WhiteFideId "10602771"]
[BlackFideId "13702297"]
[EventDate "2024.08.02"]

1. d4 Nf6 2. c4 e6 3. Nf3 d5 4. e3 c5 5. Nc3 Nc6 6. a3 Be7 7. dxc5 Bxc5 8. b4
Be7 9. cxd5 exd5 10. Bb2 O-O 11. Be2 Be6 12. O-O Rc8 13. Nb5 a5 14. bxa5 Nxa5
15. Bd4 Nc4 16. a4 Ne4 17. Ne5 Bf6 18. Nxc4 dxc4 19. Bf3 Nc5 20. Qc2 Nb3 21.
Rad1 Bxd4 22. exd4 Bd5 23. Bxd5 Qxd5 24. Nc3 Qa5 25. d5 Rfd8 26. Rfe1 Qb4 27.
Re3 h6 28. Rg3 Nc5 29. Rb1 Qa5 30. Rb5 Qc7 31. Qf5 Qe7 32. h3 Nd3 33. Qg4 Qe1+
34. Kh2 g6 35. Ne4 Nxf2 36. Nxf2 Qxf2 37. Rxb7 Rf8 38. Rf3 Qc5 39. Rfxf7 Qd6+
40. Kg1 Rxf7 41. Qxc8+ Rf8 42. Qxc4 Qe5 43. Qg4 Qe1+ 44. Kh2 Qe5+ 45. Qg3 Qf5
46. Rb8 Rxb8 47. Qxb8+ Kf7 48. Qc7+ Kf6 49. Qd6+ Kg5 50. Qe7+ Kf4 51. Qe6 Qg5
52. d6 Qg3+ 53. Kg1 Kg5 54. d7 1-0

[Event "FIDE World Rapid Team"]
[Site "Almaty KAZ"]
[Date "2024.08.04"]
[Round "9.11"]
[White "Kovanova, Mariya"]
[Black "Wafa, Shrook"]
[Result "1-0"]
[WhiteTitle "WFM"]
[BlackTitle "WGM"]
[WhiteElo "2118"]
[BlackElo "2137"]
[WhiteTeam "Helicopter"]
[BlackTeam "Egypt"]
[WhiteFideId "13704818"]
[BlackFideId "10609970"]
[EventDate "2024.08.02"]

1. e4 c5 2. d4 cxd4 3. Qxd4 Nc6 4. Qd3 g6 5. Nc3 Bg7 6. Nf3 d6 7. Be2 Nf6 8. O-O
O-O 9. Nd5 Nxd5 10. exd5 Bf5 11. Qd1 Nb4 12. c3 Nc2 13. g4 Nxa1 14. gxf5 Qa5 15.
Be3 Qxa2 16. Qxa1 Qxd5 17. fxg6 hxg6 18. Qd1 Qh5 19. Ng5 Qh4 20. f4 Bf6 21. Rf3
Qg4+ 22. Rg3 Qf5 23. Bd3 Qd5 24. Qf1 Kg7 25. Bc4 Qf5 26. Bd3 Qd5 27. Be4 Qb3 28.
Qe2 Rh8 29. Bd3 Rac8 30. Ne4 Rh4 31. Nxf6 exf6 32. f5 Rch8 33. fxg6 Rxh2 34.
gxf7+ Kxf7 35. Bc4+ Kf8 36. Bh6+ R2xh6 37. Bxb3 Rh1+ 38. Kf2 Rb1 39. Qe6 Rh2+
40. Kf3 1-0

[Event "FIDE World Rapid Team"]
[Site "Almaty KAZ"]
[Date "2024.08.04"]
[Round "9.13"]
[White "Williams, Justus"]
[Black "Ten, Viktor"]
[Result "1-0"]
[WhiteTitle "IM"]
[WhiteElo "2361"]
[BlackElo "2236"]
[WhiteTeam "Kazakhstan dream team"]
[BlackTeam "Chess Mates"]
[WhiteFideId "2049929"]
[BlackFideId "13700820"]
[EventDate "2024.08.02"]

1. e4 e6 2. d4 d5 3. Nd2 dxe4 4. Nxe4 Nd7 5. Nf3 Ngf6 6. Nxf6+ Nxf6 7. Bd3 Be7
8. Qe2 O-O 9. Bd2 a5 10. g4 g6 11. O-O-O b6 12. Bh6 Re8 13. Ne5 Bb7 14. Rhe1 Bf8
15. Bg5 Bg7 16. Bb5 c6 17. Nxc6 Qd5 18. Bxf6 Bxf6 19. c4 Qg5+ 20. Kb1 Qf4 21. h3
Rec8 22. Ne5 Rd8 23. Qe3 Bxe5 24. dxe5 Qxe3 25. fxe3 g5 26. Rd6 Bg2 27. Rg1 Bf3
28. Kc2 Rxd6 29. exd6 Rd8 30. d7 Be4+ 31. Kc3 e5 32. a3 Kf8 33. b4 axb4+ 34.
axb4 Ke7 35. c5 bxc5 36. bxc5 Rb8 37. Ba4 h6 38. Rd1 f5 39. gxf5 Bxf5 40. c6 Kd8
41. Rf1 1-0